000 01096nam a2200253 i 4500
001 47837
003 ES-MaACL
005 20230906161637.0
007 t|
008 020826s2002 sp ||||0| spa j
020 _a84-95240-61-0
040 _aM-BN
_bspa
_cM-BN
080 _a347.235(460)(038)
080 _a347.714(460)(038)
100 1 _aSena Fernández, Francisco.
_9105432
245 1 0 _aDiccionario de jurisprudencia registral.
_pAños 1930 a 2001 /
_cFrancisco Sena Fernández.
260 _a[Madrid] :
_bCentro de Estudios Registrales,
_c[2002]
300 _a2 v. (2085 p.) ;
_c24 cm.
505 8 _at. 1. Registro de la Propiedad t. 2. Registro mercantil, de hipoteca mobiliaria y de bienes muebles, índices alfabético y cronológico
650 4 _aRegistro de la propiedad-
_zEspaña-
_xJurisprudencia-
_vDiccionarios.
_916764
650 1 4 _aRegistro mercantil-
_zEspaña-
_vJurisprudencia-
_vDiccionarios.
_916769
710 2 _aColegio de Registradores de la Propiedad y Mercantiles de España.
_bCentro de Estudios Registrales.
_9162314
852 _aES-MaACL
_jL-26365-66
_bR.132005
999 _c47837
_d47837